La Turquie et l'hellenisme contemporain (Record no. 33072)

MARC details
000 -LEADER
campo de control de longitud fija 00854nam a2200241 i 4500
001 - NÚMERO DE CONTROL
campo de control 33072
003 - IDENTIFICADOR DE NÚMERO DE CONTROL
campo de control ES-MaACL
005 - FECHA Y HORA DE LA ÚLTIMA TRANSACCIÓN
campo de control 20250920063036.0
007 - CAMPO FIJO DE DESCRIPCIÓN FÍSICA--INFORMACIÓN GENERAL
campo de control de longitud fija t|
008 - DATOS DE LONGITUD FIJA--INFORMACIÓN GENERAL
campo de control de longitud fija 030201s1911 fr ||||1| fre d
100 1# - ENTRADA PRINCIPAL--NOMBRE DE PERSONA
Nombre de persona Bérard, Victor,
Fechas asociadas al nombre 1864-1931
9 (RLIN) 27825
245 13 - MENCIÓN DEL TÍTULO
Título La Turquie et l'hellenisme contemporain
Resto del título : la Macédoine : Hellènes, Bulgares, Valaques, Albanais, Autrichiens, Serbes /
Mención de responsabilidad, etc. par Victor Berard.
250 ## - MENCION DE EDICION
Mención de edición 6ème ed.
260 ## - PUBLICACIÓN, DISTRIBUCIÓN, ETC.
Lugar de publicación, distribución, etc. Paris :
Nombre del editor, distribuidor, etc. F. Alcan,
Fecha de publicación, distribución, etc. 1911.
300 ## - DESCRIPCIÓN FÍSICA
Extensión XVII, 352 p. ;
Dimensiones 18 cm.
490 1# - MENCIÓN DE SERIE
Mención de serie Bibliothèque d'histoire contemporaine
650 #4 - PUNTO DE ACCESO ADICIONAL DE MATERIA--TÉRMINO DE MATERIA
Término de materia o nombre geográfico como elemento de entrada Cuestión de Oriente (Balcanes)
9 (RLIN) 141179
650 04 - PUNTO DE ACCESO ADICIONAL DE MATERIA--TÉRMINO DE MATERIA
Término de materia o nombre geográfico como elemento de entrada Guerra mundial, 1914-1918.
9 (RLIN) 13212
651 #4 - PUNTO DE ACCESO ADICIONAL DE MATERIA--NOMBRE GEOGRÁFICO
Nombre geográfico Turquía-
Subdivisión general Historia.
9 (RLIN) 137381
830 0# - PUNTO DE ACCESO ADICIONAL DE SERIE-TÍTULO UNIFORME
Título uniforme Bibliothèque d'histoire contemporaine
9 (RLIN) 180875
852 ## - LOCALIZACIÓN
Ubicación ES-MaACL
Número de control de estantería G-7393
Holdings
Estatus retirado Estado de pérdida Estado de daño No para préstamo Biblioteca de origen Biblioteca actual Ubicación en estantería Fecha de adquisición Fuente de adquisición Total de préstamos Signatura topográfica completa Código de barras Visto por última vez Precio de reemplazo Tipo de ítem Koha
        Biblioteca del Ateneo de Madrid Biblioteca del Ateneo de Madrid Depósito 2 17/01/2008     G-7393 1034375 23/02/2023 23/02/2023 Libro impreso